000 00600nam a2200217Ia 4500
008 160517s9999 xx 000 0 und d
050 _aQA 76.5
050 _b.G112 2016
100 _aGabanan, Redante F.
245 _aOnline enrollment system of south seed-lpdh college /
245 _cRedante F. Gabanan.
260 _aLas PiƱas, Philippines :
260 _bSISC,
260 _c2016.
300 _a153 pages :
300 _billustrations ;
300 _c28 cm.
500 _aIncludes bibliographical references and appendices.
521 _aInformation Technology
942 _cTH
999 _c293928
_d293928